| 000 | 00566nam a2200169Ia 4500 | ||
|---|---|---|---|
| 008 | 090201s9999 xx 000 0 und d | ||
| 010 | _aKPL-38294 | ||
| 040 | _bमराठी | ||
| 041 | _aमराठी | ||
| 082 |
_a19632 _b38294 |
||
| 100 | _aशिरीष कणेकर | ||
| 245 |
_aपुन्हा शिरीषासन _cशिरीष कणेकर |
||
| 260 |
_c2004 _bइनामदार बंधु प्रकाशन |
||
| 300 |
_a146 _bमोठा |
||
| 600 | _aपुन्हा शिरीषासन | ||
| 942 | _cBOOK | ||
| 999 |
_c219443 _d219443 |
||